[Event "Quebec op"]
[Site "Laval CAN"]
[Date "2022.09.05"]
[Round "7.13"]
[White "Ang, Alan"]
[Black "Chapdelaine, Gwyn"]
[Result "1-0"]
[WhiteElo "1921"]
[BlackElo "1873"]
[PlyCount "139"]
[EventDate "2022.09.01"]
[EventType "swiss"]
[EventRounds "9"]
[EventCountry "CAN"]

1. b3 d5 2. Bb2 Nc6 3. Nf3 Nf6 4. g3 Bf5 5. Bg2 e6 6. d3 Bc5 7. Nh4 Bg6 8. O-O
Qe7 9. a3 a5 10. Nd2 Rd8 11. e4 dxe4 12. Nxg6 hxg6 13. Nxe4 Nxe4 14. Bxe4 O-O
15. Bxc6 bxc6 16. Qf3 Rd6 17. Rfe1 Rfd8 18. a4 Rd5 19. Re2 Qd6 20. Rf1 Rb8 21.
Kg2 Rf5 22. Qg4 Ba7 23. Bc3 Rd8 24. h4 Qc5 25. Qc4 Qd6 26. Be1 Rc5 27. Qg4 Qe7
28. b4 Rcd5 29. bxa5 Rd4 30. Qf3 Qc5 31. Bd2 Rxa4 32. Bf4 Qxa5 33. Qxc6 Bb6 34.
Kh2 Ra2 35. Rfe1 Qd5 36. Qxd5 Rxd5 37. Kg2 Ba5 38. Rc1 Rc5 39. Kf3 Bb4 40. c4
Ra3 41. Be3 Rca5 42. Rd1 e5 43. Rc2 c5 44. Ke4 Bc3 45. Rb1 Bd4 46. Bxd4 exd4
47. Rb8+ Kh7 48. Rd2 Ra7 49. Kd5 Rc7 50. Rb5 Ra8 51. Rb6 Rd8+ 52. Rd6 Ra8 53.
Rc6 Rd8+ 54. Kxc5 Rcd7 55. g4 f5 56. gxf5 gxf5 57. f4 Kg8 58. Kb5 Kf7 59. c5
Rh8 60. Rh2 Ra8 61. Rb6 Rda7 62. h5 Ra3 63. Rh3 R3a5+ 64. Kc4 Rc8 65. c6 Ra4+
66. Kc5 Ke6 67. h6 gxh6 68. Rxh6+ Ke7 69. Rb7+ Rc7 70. Rxc7+ 1-0

[Event "Quebec op"]
[Site "Laval CAN"]
[Date "2022.09.05"]
[Round "7.14"]
[White "Wolchock, Theo"]
[Black "Turcotte, Jonathan"]
[Result "1-0"]
[WhiteElo "2105"]
[BlackElo "1940"]
[PlyCount "80"]
[EventDate "2022.09.01"]
[EventType "swiss"]
[EventRounds "9"]
[EventCountry "CAN"]

1. e4 c5 2. Nf3 Nc6 3. d4 cxd4 4. Nxd4 g6 5. c4 Bg7 6. Be3 Nf6 7. Nc3 d6 8. h3
Nxd4 9. Bxd4 O-O 10. Be2 Bd7 11. O-O Bc6 12. Qc2 a5 13. b3 Nd7 14. Bxg7 Kxg7
15. Rfd1 Qb6 16. Nd5 Bxd5 17. exd5 a4 18. Qc3+ f6 19. b4 Rfc8 20. Rd4 g5 21.
Bg4 Rc7 22. Bxd7 Rxd7 23. h4 h6 24. Re1 Rc8 25. hxg5 hxg5 26. Rg4 Kf7 27. Qh3
Qxb4 28. Rge4 Rcc7 29. Qh7+ Kf8 30. Qh8+ Kf7 31. Qh7+ Kf8 32. Qh6+ Kf7 33. R1e3
Rxc4 34. Qh7+ Kf8 35. Qh8+ Kf7 36. Rxe7+ Rxe7 37. Qh7+ Kf8 38. Qh8+ Kf7 39.
Qh7+ Kf8 40. Qxe7+ Kg8 1-0

[Event "Quebec op"]
[Site "Laval CAN"]
[Date "2022.09.05"]
[Round "7.15"]
[White "Wiebe, Isaac"]
[Black "Nica, Ion"]
[Result "1-0"]
[WhiteElo "2010"]
[BlackElo "1674"]
[PlyCount "127"]
[EventDate "2022.09.01"]
[EventType "swiss"]
[EventRounds "9"]
[EventCountry "CAN"]

1. Nf3 Nf6 2. c4 c6 3. e3 e6 4. d4 d5 5. Nbd2 Nbd7 6. Bd3 Bd6 7. O-O e5 8. cxd5
Nxd5 9. Nc4 Qc7 10. e4 N5b6 11. Nxd6+ Qxd6 12. Be3 O-O 13. Rc1 Re8 14. a4 exd4
15. Bxd4 Nf8 16. a5 Nbd7 17. e5 Qc7 18. b4 Ne6 19. Bc3 Ndf8 20. Re1 Nf4 21. Bf1
Bg4 22. Qd2 N8g6 23. Ng5 Rad8 24. Qe3 Nd5 25. Qg3 Nxc3 26. Qxg4 Nd5 27. e6 Nh8
28. Qf5 g6 29. Qh3 f5 30. Bc4 Re7 31. Rcd1 Qf4 32. Bxd5 Qxg5 33. Bb3 Rxd1 34.
Rxd1 Kg7 35. Qd3 Qf6 36. Qd8 g5 37. Qb8 a6 38. Qd6 Ng6 39. g3 Qe5 40. Qd8 h5
41. Qd2 f4 42. Re1 Qf6 43. Qe2 f3 44. Qe4 g4 45. h3 Qg5 46. Rd1 Qe5 47. Rd4
Qxe4 48. Rxe4 gxh3 49. Re3 Nf8 50. Kh2 Nh7 51. Rxf3 Ng5 52. Re3 Kf6 53. f4 Nh7
54. Kxh3 Rg7 55. Re5 Nf8 56. Rxh5 Ke7 57. Kg2 Nh7 58. Kf3 Nf6 59. Rh4 Nd5 60.
Bxd5 cxd5 61. f5 Kf6 62. Kf4 d4 63. Rh6+ Ke7 64. f6+ 1-0

[Event "Quebec op"]
[Site "Laval CAN"]
[Date "2022.09.05"]
[Round "7.17"]
[White "Mercure, Gilbert"]
[Black "Laroche, Hugo"]
[Result "0-1"]
[WhiteElo "1722"]
[BlackElo "1696"]
[PlyCount "80"]
[EventDate "2022.09.01"]
[EventType "swiss"]
[EventRounds "9"]
[EventCountry "CAN"]

1. e4 e5 2. Nf3 Nc6 3. Bc4 Bc5 4. b4 Bxb4 5. c3 Ba5 6. d4 d6 7. Qb3 Qd7 8. Ng5
Nh6 9. O-O O-O 10. Bb5 a6 11. Bxc6 Qxc6 12. f4 Bb6 13. fxe5 dxe5 14. Ba3 Re8
15. Nxf7 Be6 16. Nxh6+ gxh6 17. Qc2 Bc4 18. Nd2 Bxf1 19. Rxf1 Bxd4+ 20. Kh1
Qxc3 21. Qd1 Qxa3 22. Qg4+ Kh8 23. Rf7 Qc1+ 24. Nf1 Qg5 25. Qd7 Qg6 26. Ng3 Rg8
27. Rf5 Raf8 28. Rxf8 Rxf8 29. Nf5 Qf7 30. Qa4 c5 31. h3 c4 32. Qd1 c3 33. Qc1
Qf6 34. g4 Qc6 35. Qc2 h5 36. Kh2 hxg4 37. hxg4 Rxf5 38. exf5 Qh6+ 39. Kg3 Qf4+
40. Kh4 Qf2+ 0-1

[Event "Quebec op"]
[Site "Laval CAN"]
[Date "2022.09.05"]
[Round "7.18"]
[White "Eltafi, Ali Sina"]
[Black "Goldner, John"]
[Result "0-1"]
[WhiteElo "1179"]
[BlackElo "1684"]
[PlyCount "78"]
[EventDate "2022.09.01"]
[EventType "swiss"]
[EventRounds "9"]
[EventCountry "CAN"]

1. e4 e5 2. Nf3 Nc6 3. Bb5 a6 4. Ba4 Nf6 5. O-O b5 6. Bb3 Bb7 7. Re1 Bc5 8. c3
Ng4 9. d4 exd4 10. cxd4 Nxd4 11. Bxf7+ Kxf7 12. Ng5+ Ke8 13. Qxg4 Nc2 14. Rd1
Bb6 15. Ne6 Qf6 16. Nxg7+ Kf8 17. Bg5 Qxf2+ 18. Kh1 Nxa1 19. Nd2 h5 20. Qxd7
Kg8 21. Rf1 Qxf1+ 22. Nxf1 Rf8 23. Qd1 Nc2 24. Ne6 Rf7 25. Ng3 h4 26. Nf5 Bxe4
27. Nxh4 Rxh4 28. Bxh4 Bxg2+ 29. Kxg2 Ne3+ 30. Kg3 Nxd1 31. Bg5 Nxb2 32. h4 c5
33. h5 c4 34. h6 Nd3 35. Kg4 c3 36. Kh5 c2 37. Kg6 Nf4+ 38. Nxf4 c1=Q 39. Nh5
Qc2# 0-1

[Event "Quebec op"]
[Site "Laval CAN"]
[Date "2022.09.05"]
[Round "8.1"]
[White "Sambuev, Bator"]
[Black "Li, William"]
[Result "1-0"]
[WhiteElo "2436"]
[BlackElo "2106"]
[PlyCount "61"]
[EventDate "2022.09.01"]
[EventType "swiss"]
[EventRounds "9"]
[EventCountry "CAN"]

1. d4 Nf6 2. Nf3 e6 3. e3 b6 4. Bd3 Bb7 5. O-O c5 6. c4 Bxf3 7. Qxf3 Nc6 8. Nc3
cxd4 9. exd4 Nxd4 10. Qg3 h5 11. Be3 h4 12. Qh3 Nc6 13. Rad1 Qc7 14. Rfe1 O-O-O
15. a3 Kb7 16. Be2 Be7 17. Bf3 g5 18. Bxg5 Rdg8 19. Bxf6 Bxf6 20. Nb5 Qd8 21.
Nd6+ Kc7 22. Bxc6 dxc6 23. Nxf7 Qe7 24. Nxh8 Bxh8 25. Rxe6 Qg5 26. Qf3 Bxb2 27.
Qxc6+ Kb8 28. Re8+ Rxe8 29. Qxe8+ Kb7 30. Rd7+ Ka6 31. Qc8+ 1-0

[Event "Quebec op"]
[Site "Laval CAN"]
[Date "2022.09.05"]
[Round "8.2"]
[White "Saha, Ananda"]
[Black "Migot, Tangi"]
[Result "0-1"]
[WhiteElo "2025"]
[BlackElo "2356"]
[PlyCount "130"]
[EventDate "2022.09.01"]
[EventType "swiss"]
[EventRounds "9"]
[EventCountry "CAN"]

1. d4 d5 2. Nf3 Nf6 3. e3 c6 4. Bd3 Bg4 5. Nbd2 Nbd7 6. h3 Bh5 7. O-O e6 8. c4
Be7 9. Qc2 Bg6 10. b3 Bxd3 11. Qxd3 O-O 12. Bb2 dxc4 13. bxc4 b5 14. Qc2 Rc8
15. Rac1 Nb6 16. Ne5 Nfd7 17. c5 Nd5 18. Nd3 Qc7 19. Nf3 a5 20. e4 Nf4 21. Nxf4
Qxf4 22. Rcd1 Qh6 23. Bc1 Qg6 24. Rfe1 Rfd8 25. Bf4 f6 26. Qb3 Qf7 27. Bd6 Bxd6
28. cxd6 e5 29. dxe5 Nxe5 30. Nxe5 Qxb3 31. axb3 fxe5 32. f4 Kf7 33. fxe5 Ke6
34. Rf1 Rd7 35. Rf5 c5 36. Ra1 a4 37. bxa4 b4 38. Rb1 Rb8 39. Rc1 Rc8 40. Rf2
Kxe5 41. Rf5+ Kxe4 42. Rfxc5 Rxc5 43. Rxc5 Kd4 44. Rc6 b3 45. Kf2 b2 46. Rb6
Kc3 47. Ke3 Kc2 48. Kd4 Rxd6+ 49. Rxd6 b1=Q 50. Rc6+ Kd2 51. Kc5 Qc2+ 52. Kb5
Qb3+ 53. Ka5 Qb7 54. Rc4 Qd5+ 55. Kb4 Kd3 56. Rg4 h5 57. Rg3+ Ke4 58. Rc3 Qd2
59. Kc4 Qd5+ 60. Kb4 Kd4 61. Rc2 Qb7+ 62. Ka5 Kd3 63. Rc5 h4 64. Rb5 Qxg2 65.
Kb6 Kc4 0-1

[Event "Quebec op"]
[Site "Laval CAN"]
[Date "2022.09.05"]
[Round "8.3"]
[White "Chen, Max"]
[Black "Han, Johnathan"]
[Result "1/2-1/2"]
[WhiteElo "2104"]
[BlackElo "2074"]
[PlyCount "59"]
[EventDate "2022.09.01"]
[EventType "swiss"]
[EventRounds "9"]
[EventCountry "CAN"]

1. e4 c5 2. c3 d5 3. exd5 Qxd5 4. d4 Nf6 5. Nf3 e6 6. Bd3 Nc6 7. O-O cxd4 8.
cxd4 Be7 9. Nc3 Qd6 10. Bg5 O-O 11. Qd2 b6 12. Bxf6 Bxf6 13. Ne4 Qd8 14. Nxf6+
Qxf6 15. Bxh7+ Kxh7 16. Qc2+ Kg8 17. Qxc6 Rb8 18. Ne5 Bb7 19. Qc3 Rfd8 20. Rfd1
Rbc8 21. Qd3 Qg5 22. Qg3 Qxg3 23. hxg3 f6 24. Ng4 Rc4 25. Ne3 Rcxd4 26. Rxd4
Rxd4 27. Rd1 Rxd1+ 28. Nxd1 Kf7 29. Kf1 e5 30. Ne3 1/2-1/2

[Event "Quebec op"]
[Site "Laval CAN"]
[Date "2022.09.05"]
[Round "8.4"]
[White "Kapush, Oleksandr"]
[Black "Perez Rodriguez, Luis Manuel"]
[Result "1/2-1/2"]
[WhiteElo "1731"]
[BlackElo "2335"]
[PlyCount "62"]
[EventDate "2022.09.01"]
[EventType "swiss"]
[EventRounds "9"]
[EventCountry "CAN"]

1. e4 e5 2. Nf3 Nc6 3. Bb5 a6 4. Ba4 Nf6 5. O-O b5 6. Bb3 Be7 7. Re1 O-O 8. h3
Na5 9. Nxe5 Nxb3 10. axb3 Bb7 11. d3 d5 12. exd5 Qxd5 13. Qf3 Bd6 14. Qxd5 Nxd5
15. Bd2 Rfd8 16. Nc3 Nb4 17. Rac1 c5 18. f4 Bf8 19. Ne4 Rac8 20. Bc3 Nd5 21. f5
f6 22. Nf3 c4 23. bxc4 bxc4 24. Nd4 cxd3 25. cxd3 Nf4 26. Ne6 Nxe6 27. fxe6 Re8
28. Bxf6 Rxc1 29. Rxc1 Bxe4 30. e7 Bxd3 31. exf8=Q+ Rxf8 1/2-1/2

[Event "Quebec op"]
[Site "Laval CAN"]
[Date "2022.09.05"]
[Round "8.5"]
[White "Jacquet, Stephane"]
[Black "Zheng, Richard"]
[Result "1/2-1/2"]
[WhiteElo "1862"]
[BlackElo "2147"]
[PlyCount "78"]
[EventDate "2022.09.01"]
[EventType "swiss"]
[EventRounds "9"]
[EventCountry "CAN"]

1. d4 d5 2. c4 c6 3. Nc3 Nf6 4. Nf3 e6 5. Bg5 dxc4 6. e4 b5 7. e5 h6 8. Bh4 g5
9. Nxg5 hxg5 10. Bxg5 Nbd7 11. g3 Bb7 12. Bg2 Qb6 13. exf6 O-O-O 14. O-O c5 15.
d5 b4 16. Rb1 Qa6 17. dxe6 Bxg2 18. e7 Bxf1 19. Kxf1 Bxe7 20. fxe7 Rdg8 21. Ne4
Rxg5 22. Nxg5 Re8 23. Nxf7 c3+ 24. Kg1 Rxe7 25. Nd6+ Kc7 26. Nf5 Re5 27. Ne3
cxb2 28. Rxb2 Qc6 29. Rd2 Nb6 30. Qg4 Qe4 31. h4 Qxg4 32. Nxg4 Re7 33. h5 c4
34. Nf6 c3 35. Rc2 Re6 36. Ng8 Re8 37. Nf6 Re6 38. Ng8 Re8 39. Nf6 Re6 1/2-1/2

[Event "Quebec op"]
[Site "Laval CAN"]
[Date "2022.09.05"]
[Round "8.6"]
[White "Batorshyn, Ilia"]
[Black "Vera, Reynaldo"]
[Result "0-1"]
[WhiteElo "1909"]
[BlackElo "2402"]
[PlyCount "110"]
[EventDate "2022.09.01"]
[EventType "swiss"]
[EventRounds "9"]
[EventCountry "CAN"]

1. d4 Nf6 2. c4 e6 3. g3 c5 4. Nf3 cxd4 5. Nxd4 Bb4+ 6. Bd2 Qb6 7. e3 O-O 8.
Bg2 d5 9. cxd5 e5 10. Ne2 Na6 11. Bxb4 Qxb4+ 12. Qd2 Bf5 13. Nbc3 Nc5 14. O-O
a5 15. f3 Bd3 16. e4 Ne8 17. Qe3 Nd6 18. b3 f5 19. Rad1 fxe4 20. fxe4 Bxe2 21.
Nxe2 Ncxe4 22. Rxf8+ Rxf8 23. a3 Qc5 24. Qxc5 Nxc5 25. b4 axb4 26. axb4 Na4 27.
Rc1 Rc8 28. Rxc8+ Nxc8 29. Nc1 Nd6 30. Nd3 e4 31. Nc5 Nc3 32. Bh3 Kf8 33. Be6
Ke7 34. Kf2 b6 35. Nb3 Nc4 36. Nd4 Kd6 37. Nc2 Nxd5 38. Bxd5 Kxd5 39. Ke2 b5
40. h3 g5 41. Kf2 h5 42. Ke2 Ke5 43. Kf2 Nd6 44. Ke2 Nf5 45. Kf2 g4 46. hxg4
hxg4 47. Na3 e3+ 48. Ke2 Ke4 49. Nxb5 Nxg3+ 50. Ke1 Kd3 51. Nd6 Ne4 52. Nf7 Nf2
53. Ng5 Nh3 54. Ne6 g3 55. Nc5+ Kc4 0-1

[Event "Quebec op"]
[Site "Laval CAN"]
[Date "2022.09.05"]
[Round "8.7"]
[White "Malek, Omid"]
[Black "Latorre, Vincent"]
[Result "1/2-1/2"]
[WhiteElo "2033"]
[BlackElo "1949"]
[PlyCount "61"]
[EventDate "2022.09.01"]
[EventType "swiss"]
[EventRounds "9"]
[EventCountry "CAN"]

1. d4 Nf6 2. Bf4 d5 3. e3 c5 4. Nf3 Nc6 5. Nbd2 Bg4 6. Be2 e6 7. O-O Be7 8.
dxc5 Bxc5 9. c4 O-O 10. a3 a5 11. Rc1 Bb6 12. Bg5 dxc4 13. Nxc4 Bc7 14. Qb3 Rb8
15. Rfd1 Qe7 16. h3 Bf5 17. Bd3 Bxd3 18. Rxd3 a4 19. Qd1 Rfd8 20. Rxd8+ Bxd8
21. Nce5 Nxe5 22. Nxe5 Qe8 23. Rc4 b5 24. Rd4 Bb6 25. Rd3 Ne4 26. Bh4 Nc5 27.
Rd2 f6 28. Nd7 Nxd7 29. Rxd7 Rd8 30. Rd3 Rxd3 31. Qxd3 1/2-1/2

[Event "Quebec op"]
[Site "Laval CAN"]
[Date "2022.09.05"]
[Round "8.8"]
[White "Robichaud, Louis"]
[Black "Latreille, Etienne"]
[Result "0-1"]
[WhiteElo "2026"]
[BlackElo "1680"]
[PlyCount "118"]
[EventDate "2022.09.01"]
[EventType "swiss"]
[EventRounds "9"]
[EventCountry "CAN"]

1. e4 c5 2. d3 Nc6 3. g3 d5 4. Bd2 Nf6 5. Bg2 e5 6. Nc3 d4 7. Nce2 Bd6 8. Nh3
h5 9. Bg5 Qa5+ 10. c3 Be6 11. f3 O-O-O 12. Nf2 dxc3 13. bxc3 c4 14. dxc4 Bxc4
15. O-O Bc5 16. Qe1 h4 17. gxh4 Nh5 18. Kh1 f6 19. Bc1 g5 20. Ng4 Qa6 21. Ng1
Nf4 22. Bxf4 exf4 23. hxg5 fxg5 24. Nh3 Rhg8 25. Rf2 Bxf2 26. Qxf2 Qa5 27. Qb2
Rd6 28. Bf1 Bxf1 29. Rxf1 Rgd8 30. Rf2 Ne5 31. Qb4 Qxb4 32. cxb4 Nxg4 33. fxg4
Rg8 34. Ng1 Rd4 35. e5 Rxb4 36. Nf3 Re4 37. h4 gxh4 38. g5 Re3 39. Rc2+ Kd7 40.
Kg2 Rxg5+ 41. Nxg5 Rg3+ 42. Kf2 Rxg5 43. Kf3 Rxe5 44. Kxf4 Rh5 45. Kg4 Rh7 46.
Kh3 b5 47. Rc3 Kd6 48. Rc8 Kd5 49. Rc2 Rh6 50. Kg4 h3 51. Rh2 a5 52. Kg5 Rh8
53. Kf4 Kd4 54. Rd2+ Kc3 55. Rh2 Kb4 56. Ke4 Ka3 57. Kd4 b4 58. Kc4 a4 59. Kd3
Rc8 0-1

[Event "Quebec op"]
[Site "Laval CAN"]
[Date "2022.09.05"]
[Round "8.9"]
[White "Guillemette, Hugo"]
[Black "Wolchock, Theo"]
[Result "1-0"]
[WhiteElo "1750"]
[BlackElo "2105"]
[PlyCount "133"]
[EventDate "2022.09.01"]
[EventType "swiss"]
[EventRounds "9"]
[EventCountry "CAN"]

1. e4 c5 2. Nf3 Nc6 3. Bb5 Qc7 4. O-O a6 5. Bxc6 dxc6 6. h3 e5 7. d3 Ne7 8. Be3
Ng6 9. Nbd2 Be7 10. Qe2 O-O 11. a4 a5 12. Rfe1 f6 13. Nf1 Be6 14. Ng3 Rfd8 15.
Nd2 Bd6 16. Qf3 Nf4 17. Nf5 g6 18. Bxf4 exf4 19. Nxd6 Qxd6 20. e5 fxe5 21. Qe4
Bd5 22. Qxe5 Qxe5 23. Rxe5 Re8 24. Rae1 Kf8 25. c4 Bf7 26. Rxe8+ Bxe8 27. Ne4
b6 28. Ng5 Bf7 29. Nxh7+ Kg7 30. Ng5 Ra7 31. Re4 f3 32. Nxf3 Rd7 33. Ne5 Rd6
34. f4 b5 35. axb5 cxb5 36. Nxf7 Kxf7 37. Re5 Rxd3 38. Rxc5 bxc4 39. Rxc4 Rd2
40. Ra4 Rxb2 41. Rxa5 Rb4 42. f5 gxf5 43. Rxf5+ Kg6 44. g4 Rb2 45. Rf2 Rb3 46.
Kg2 Kg5 47. Rf5+ Kg6 48. Rf3 Rb4 49. Kg3 Ra4 50. Rc3 Ra6 51. h4 Kh6 52. h5 Ra1
53. Rc6+ Kh7 54. Kh4 Ra5 55. Rc7+ Kh8 56. h6 Rb5 57. g5 Rb6 58. Rc5 Ra6 59. Kh5
Ra8 60. Rf5 Rb8 61. Rf7 Ra8 62. Kg6 Ra6+ 63. Rf6 Ra8 64. h7 Ra6 65. Kh5 Ra1 66.
g6 Ra5+ 67. Kh6 1-0

[Event "Quebec op"]
[Site "Laval CAN"]
[Date "2022.09.05"]
[Round "8.10"]
[White "Chipanga, Takaedza"]
[Black "Ang, Alan"]
[Result "1/2-1/2"]
[WhiteElo "2012"]
[BlackElo "1921"]
[PlyCount "116"]
[EventDate "2022.09.01"]
[EventType "swiss"]
[EventRounds "9"]
[EventCountry "CAN"]

1. d4 g6 2. e4 Bg7 3. c4 c5 4. d5 d6 5. Bd3 Nf6 6. Nf3 O-O 7. O-O Na6 8. a3 Nc7
9. Nbd2 a6 10. h3 b5 11. Rb1 e6 12. b3 Re8 13. Bb2 bxc4 14. bxc4 e5 15. Bc2 Nh5
16. Ba4 Rf8 17. Bc6 Ra7 18. Bc3 a5 19. Qb3 Nf4 20. Kh2 f5 21. Qb8 Ra6 22. Bb7
fxe4 23. Qxc8 Qe7 24. Qg4 exf3 25. Nxf3 Ra7 26. Bd2 Ne8 27. Bxf4 Rxb7 28. Rxb7
Qxb7 29. Qe6+ Qf7 30. Qxf7+ Rxf7 31. Bd2 Rb7 32. Bxa5 Ra7 33. Bb6 Rxa3 34. Ng5
h6 35. Ne6 Bf6 36. Rb1 Kf7 37. Bc7 Be7 38. Rb7 Nxc7 39. Rxc7 Kf6 40. g4 g5 41.
Ng7 Ra6 42. Nf5 Bf8 43. Rh7 Ra4 44. Rh8 Kf7 45. Nxh6+ Bxh6 46. Rxh6 Rxc4 47.
Rxd6 Rd4 48. Rd7+ Kf6 49. Rd8 e4 50. Re8 c4 51. Re6+ Kf7 52. Rc6 Rd2 53. Kg1
Rxd5 54. Rxc4 Re5 55. Kf1 e3 56. f3 e2+ 57. Ke1 Re3 58. f4 Rxh3 1/2-1/2

[Event "Quebec op"]
[Site "Laval CAN"]
[Date "2022.09.05"]
[Round "8.11"]
[White "Wiebe, Isaac"]
[Black "Adam, Rafael"]
[Result "1/2-1/2"]
[WhiteElo "2010"]
[BlackElo "1864"]
[PlyCount "82"]
[EventDate "2022.09.01"]
[EventType "swiss"]
[EventRounds "9"]
[EventCountry "CAN"]

1. Nf3 Nf6 2. e3 e6 3. c4 d5 4. Nc3 Be7 5. b3 O-O 6. Bb2 c6 7. d4 b6 8. Bd3 Bb7
9. O-O Nbd7 10. e4 dxe4 11. Nxe4 c5 12. Qe2 Qc7 13. Rad1 Rad8 14. Rfe1 cxd4 15.
Nxd4 a6 16. Bb1 Nxe4 17. Bxe4 Bxe4 18. Qxe4 Nf6 19. Qc6 Rd7 20. Qxc7 Rxc7 21.
Nf3 Rd8 22. Rxd8+ Bxd8 23. Rd1 Rd7 24. Rxd7 Nxd7 25. Kf1 f6 26. Ke2 Kf7 27. Nd4
Bc7 28. Nc6 Bd6 29. Bc3 Ke8 30. Nb4 Nb8 31. Nd3 Kd7 32. Kf3 Nc6 33. h3 Ke7 34.
b4 b5 35. c5 Bc7 36. Ke3 e5 37. f4 exf4+ 38. Nxf4 Bxf4+ 39. Kxf4 Ke6 40. Ke4
Ne7 41. Be1 Nc6 1/2-1/2

[Event "Quebec op"]
[Site "Laval CAN"]
[Date "2022.09.05"]
[Round "8.12"]
[White "Bluvshtein, Ilia"]
[Black "Jiang, Barron Jiyu"]
[Result "1-0"]
[WhiteElo "2034"]
[BlackElo "1603"]
[PlyCount "61"]
[EventDate "2022.09.01"]
[EventType "swiss"]
[EventRounds "9"]
[EventCountry "CAN"]

1. e4 c5 2. Nf3 d6 3. d4 cxd4 4. Nxd4 Nf6 5. Nc3 a6 6. Bg5 e6 7. f4 Be7 8. Qf3
Nbd7 9. O-O-O Qc7 10. g4 b5 11. Bxf6 Nxf6 12. g5 Nd7 13. f5 Bxg5+ 14. Kb1 Ne5
15. Qh5 b4 16. Ncb5 axb5 17. Qxg5 Kf8 18. f6 gxf6 19. Qxf6 Rg8 20. Nxb5 Qa5 21.
Rxd6 Ba6 22. Qxe5 b3 23. Rd1 Qxa2+ 24. Kc1 bxc2 25. Qd6+ Kg7 26. Rg1+ Kf6 27.
e5+ Kf5 28. Bh3+ Kf4 29. Qd4+ Kf3 30. Rgf1+ Ke2 31. Qe4# 1-0

[Event "Quebec op"]
[Site "Laval CAN"]
[Date "2022.09.05"]
[Round "8.13"]
[White "Rodriguez, Aaron"]
[Black "Mok, Yuen Tak"]
[Result "1-0"]
[WhiteElo "1894"]
[BlackElo "1795"]
[PlyCount "149"]
[EventDate "2022.09.01"]
[EventType "swiss"]
[EventRounds "9"]
[EventCountry "CAN"]

1. e4 c6 2. d4 d5 3. Nc3 dxe4 4. Nxe4 Nf6 5. Nxf6+ exf6 6. Bc4 Na6 7. Ne2 Nc7
8. O-O Bd6 9. Nf4 O-O 10. c3 Bf5 11. g4 Bd7 12. Bd3 Ne6 13. Nxe6 Bxe6 14. f4 b5
15. Qf3 Bd5 16. Qh3 g6 17. f5 Re8 18. g5 fxg5 19. f6 Be4 20. Bxg5 Bxd3 21. Qxd3
Qd7 22. Qf3 Re6 23. Rad1 Rae8 24. d5 cxd5 25. Rxd5 Qc7 26. h4 Bc5+ 27. Kh1 Re2
28. Bf4 Qc6 29. Rd2 Qxf3+ 30. Rxf3 Rxd2 31. Bxd2 Rd8 32. Bh6 Rd5 33. Rf1 Rh5
34. Bf4 Rxh4+ 35. Kg2 h6 36. Bg3 Re4 37. Rd1 Re2+ 38. Kf1 Re6 39. Rd5 Rxf6+ 40.
Ke2 Re6+ 41. Kd1 Rc6 42. Be5 Bb6 43. Rxb5 Rc5 44. Rxc5 Bxc5 45. b4 Be7 46. a4
Kf8 47. a5 Ke8 48. Bd4 Kd7 49. Bxa7 Kc6 50. Be3 h5 51. a6 h4 52. a7 Kb7 53. Ke1
h3 54. Kf1 Bd6 55. b5 g5 56. b6 g4 57. c4 g3 58. c5 g2+ 59. Kg1 Bxc5 60. Bxc5
f5 61. Kh2 f4 62. Kxh3 f3 63. Bf2 Ka8 64. Kg3 Kb7 65. Kxf3 Ka8 66. Kxg2 Kb7 67.
Kf3 Ka8 68. Ke4 Kb7 69. Kd5 Ka8 70. Kc4 Kb7 71. a8=Q+ Kxa8 72. Kb5 Kb7 73. Be3
Ka8 74. Ka6 Kb8 75. Bf4+ 1-0

[Event "Quebec op"]
[Site "Laval CAN"]
[Date "2022.09.05"]
[Round "8.14"]
[White "Zhang, Brian"]
[Black "Chapdelaine, Gwyn"]
[Result "1-0"]
[WhiteElo "1526"]
[BlackElo "1873"]
[PlyCount "61"]
[EventDate "2022.09.01"]
[EventType "swiss"]
[EventRounds "9"]
[EventCountry "CAN"]

1. e4 c6 2. Nc3 d5 3. Nf3 dxe4 4. Nxe4 Nf6 5. Qe2 Nxe4 6. Qxe4 Nd7 7. Bc4 Nf6
8. Ne5 e6 9. Qe2 Bd6 10. O-O O-O 11. d3 Nd5 12. Bd2 Qh4 13. f4 Bc5+ 14. Kh1 b5
15. Bb3 Ne7 16. Rf3 Ng6 17. Rh3 Qe7 18. Qh5 h6 19. Nxg6 fxg6 20. Qxg6 Rf6 21.
Qe4 Bd6 22. Rg3 Bd7 23. a4 Raf8 24. Rf1 bxa4 25. Qxa4 c5 26. Qxa7 Bxf4 27. Bxf4
Rxf4 28. Rxf4 Rxf4 29. h3 Qh4 30. Bxe6+ Kh8 31. Kh2 1-0

[Event "Quebec op"]
[Site "Laval CAN"]
[Date "2022.09.05"]
[Round "8.15"]
[White "Laroche, Hugo"]
[Black "Goldner, John"]
[Result "1-0"]
[WhiteElo "1696"]
[BlackElo "1684"]
[PlyCount "79"]
[EventDate "2022.09.01"]
[EventType "swiss"]
[EventRounds "9"]
[EventCountry "CAN"]

1. d4 d5 2. Bf4 Nf6 3. Nf3 e6 4. e3 c5 5. c3 Nc6 6. Bd3 Bd6 7. Bg3 O-O 8. Nbd2
Re8 9. O-O Bxg3 10. hxg3 c4 11. Bc2 e5 12. dxe5 Nxe5 13. Nxe5 Rxe5 14. Nf3 Bg4
15. Qd4 Rh5 16. Ne5 Be6 17. Rad1 g6 18. Nxc4 Rc8 19. Ne5 Qf8 20. Qf4 Qg7 21. f3
g5 22. Qd4 b6 23. Kf2 Qh6 24. g4 Rh2 25. Rg1 Qh4+ 26. Kf1 Qh6 27. Bb3 Rd8 28.
Nc6 Rd7 29. Nb4 a5 30. Nd3 Rd6 31. e4 Nxg4 32. e5 Rh4 33. fxg4 Bxg4 34. exd6
Bxd1 35. d7 Qd6 36. Qe5 Qxe5 37. d8=Q+ Kg7 38. Nxe5 Rf4+ 39. Ke1 Re4+ 40. Kxd1
1-0

[Event "Quebec op"]
[Site "Laval CAN"]
[Date "2022.09.05"]
[Round "8.16"]
[White "Turcotte, Jonathan"]
[Black "Eltafi, Ali Sina"]
[Result "1-0"]
[WhiteElo "1940"]
[BlackElo "1179"]
[PlyCount "71"]
[EventDate "2022.09.01"]
[EventType "swiss"]
[EventRounds "9"]
[EventCountry "CAN"]

1. d4 Nf6 2. c4 e6 3. Nf3 b6 4. g3 Bb7 5. Bg2 Na6 6. O-O d5 7. cxd5 exd5 8. Nc3
h6 9. Bf4 Bd6 10. Bxd6 Qxd6 11. Rc1 c6 12. a3 O-O 13. b4 Nc7 14. Qb3 Rfe8 15.
Rfd1 Ba6 16. Ne5 Nd7 17. f4 Nxe5 18. fxe5 Qg6 19. e4 Re7 20. exd5 Bc4 21. Qxc4
cxd5 22. Nxd5 Nxd5 23. Qxd5 Rae8 24. Qb3 Kh8 25. Rf1 f6 26. exf6 gxf6 27. Qf3
Re3 28. Qxf6+ Qxf6 29. Rxf6 Rxa3 30. Rxh6+ Kg7 31. Rhc6 a5 32. Rxb6 a4 33. Rc7+
Kf8 34. Rf6+ Kg8 35. Bd5+ Kh8 36. Rh6# 1-0

[Event "Quebec op"]
[Site "Laval CAN"]
[Date "2022.09.06"]
[Round "9.1"]
[White "Chen, Max"]
[Black "Sambuev, Bator"]
[Result "1/2-1/2"]
[WhiteElo "2104"]
[BlackElo "2436"]
[PlyCount "104"]
[EventDate "2022.09.01"]
[EventType "swiss"]
[EventRounds "9"]
[EventCountry "CAN"]

1. e4 e5 2. Nf3 Nc6 3. Bc4 Bc5 4. c3 Nf6 5. d3 a6 6. Nbd2 O-O 7. O-O Ba7 8. h3
Re8 9. Bb3 d5 10. exd5 Nxd5 11. Ne4 f6 12. a4 Be6 13. Re1 Na5 14. Ba2 c5 15. d4
exd4 16. cxd4 c4 17. Bd2 Nb3 18. Bxb3 cxb3 19. Nc5 Bxc5 20. dxc5 Qd7 21. Qxb3
Bf7 22. Qa3 Rxe1+ 23. Rxe1 Be8 24. Qb3 Rc8 25. Qc4 Bf7 26. Qd4 Qc6 27. Rc1 Rd8
28. Ba5 Rd7 29. b3 Ne7 30. Qc3 Qd5 31. b4 Qb3 32. b5 Rd1+ 33. Rxd1 Qxd1+ 34.
Qe1 Qd7 35. Qd2 Bd5 36. Nd4 axb5 37. axb5 Bc4 38. Qc3 Qd5 39. Bb4 Nc8 40. Qe3
Kf7 41. Qf4 Qe5 42. Qg4 Ne7 43. Qd7 Qf4 44. Ba3 Kg6 45. c6 bxc6 46. bxc6 Nc8
47. c7 Nb6 48. Qd8 Qe5 49. Bb4 Bd5 50. c8=Q Nxc8 51. Qxc8 Qxd4 52. Qg4+ Qxg4
1/2-1/2

[Event "Quebec op"]
[Site "Laval CAN"]
[Date "2022.09.06"]
[Round "9.2"]
[White "Migot, Tangi"]
[Black "Han, Johnathan"]
[Result "1/2-1/2"]
[WhiteElo "2356"]
[BlackElo "2074"]
[PlyCount "100"]
[EventDate "2022.09.01"]
[EventType "swiss"]
[EventRounds "9"]
[EventCountry "CAN"]

1. e4 c5 2. Nf3 d6 3. d4 cxd4 4. Qxd4 a6 5. Be2 Nc6 6. Qe3 g6 7. O-O Bg7 8. c4
Nf6 9. Nc3 O-O 10. h3 Nd7 11. Rb1 a5 12. b3 Nc5 13. Bb2 f5 14. Bd3 Nb4 15. Be2
e5 16. Rbd1 f4 17. Qd2 Ra6 18. Rfe1 Be6 19. Bf1 g5 20. Nh2 h5 21. Qe2 Bf7 22.
a3 Nc6 23. Nb5 Nxb3 24. Qd3 Nbd4 25. Nf3 g4 26. Nfxd4 exd4 27. Bxd4 Be5 28. Bc3
Qf6 29. c5 dxc5 30. Qd7 Rb6 31. Rd6 Qg7 32. Bxa5 Ra6 33. Bc3 Bxc3 34. Nxc3 Qxc3
35. Red1 Raa8 36. Qxb7 Ne5 37. Qe7 Ng6 38. Qg5 Qg7 39. Rf6 gxh3 40. Rd7 Nh8 41.
Qxf4 Rad8 42. Rfd6 Rxd7 43. Rxd7 Ng6 44. Qg3 Ne5 45. Qxg7+ Kxg7 46. Rc7 hxg2
47. Kxg2 c4 48. f4 Ng4 49. Kg3 Ra8 50. Bxc4 Rxa3+ 1/2-1/2